Principles of economics / (Record no. 26847)
[ view plain ]
| 000 -LEADER | |
|---|---|
| fixed length control field | 01247nam a22003615a 4500 |
| 001 - CONTROL NUMBER | |
| control field | 018556789 |
| 005 - DATE AND TIME OF LATEST TRANSACTION | |
| control field | 20180920142013.0 |
| 008 - FIXED-LENGTH DATA ELEMENTS--GENERAL INFORMATION | |
| fixed length control field | 171013t2018 enka frbd 001 0 eng d |
| 015 ## - NATIONAL BIBLIOGRAPHY NUMBER | |
| National bibliography number | GBB7J5616 |
| Source | bnb |
| 016 7# - NATIONAL BIBLIOGRAPHIC AGENCY CONTROL NUMBER | |
| Record control number | 018556789 |
| Source | Uk |
| 020 ## - INTERNATIONAL STANDARD BOOK NUMBER | |
| International Standard Book Number | 9781473749504 (pbk.) |
| 040 ## - CATALOGING SOURCE | |
| Original cataloging agency | StDuBDS |
| Language of cataloging | eng |
| Transcribing agency | StDuBDS |
| Modifying agency | EG-ScBUE |
| 082 04 - DEWEY DECIMAL CLASSIFICATION NUMBER | |
| Classification number | 330 |
| Item number | MAN |
| Edition number | 22 |
| 100 1# - MAIN ENTRY--PERSONAL NAME | |
| Personal name | Mankiw, N. Gregory. |
| 245 10 - TITLE STATEMENT | |
| Title | Principles of economics / |
| Statement of responsibility, etc | N. Gregory Mankiw, Mohamed H. Rashwan. |
| Remainder of title | Arab world. |
| 250 ## - EDITION STATEMENT | |
| Edition statement | 3rd ed., Arab world ed. |
| 260 ## - PUBLICATION, DISTRIBUTION, ETC. (IMPRINT) | |
| Place of publication, distribution, etc | Hampshire : |
| Name of publisher, distributor, etc | Cengage Learning EMEA, |
| Date of publication, distribution, etc | c.2018. |
| 263 ## - PROJECTED PUBLICATION DATE | |
| Projected publication date | 201712 |
| 300 ## - PHYSICAL DESCRIPTION | |
| Extent | xviii, 683 p. : |
| Other physical details | ill. ; |
| Dimensions | 28 cm. |
| 500 ## - GENERAL NOTE | |
| General note | Includes glossary. |
| 504 ## - BIBLIOGRAPHY, ETC. NOTE | |
| Bibliography, etc | Includes bibliographical references and index. |
| 650 #7 - SUBJECT ADDED ENTRY--TOPICAL TERM | |
| Topical term or geographic name as entry element | Economics. |
| Source of heading or term | BUEsh |
| 650 #7 - SUBJECT ADDED ENTRY--TOPICAL TERM | |
| Topical term or geographic name as entry element | Economics |
| Form subdivision | Case studies. |
| Source of heading or term | BUEsh |
| 650 #7 - SUBJECT ADDED ENTRY--TOPICAL TERM | |
| Topical term or geographic name as entry element | Economics |
| General subdivision | Religious aspects |
| -- | Islam. |
| Source of heading or term | BUEsh |
| 9 (RLIN) | 33913 |
| 650 #7 - SUBJECT ADDED ENTRY--TOPICAL TERM | |
| Topical term or geographic name as entry element | Economics |
| General subdivision | Religious aspects |
| -- | Islam |
| Form subdivision | Case studies. |
| Source of heading or term | BUEsh |
| 650 #7 - SUBJECT ADDED ENTRY--TOPICAL TERM | |
| Topical term or geographic name as entry element | Finance |
| General subdivision | Religious aspects |
| -- | Islam. |
| Source of heading or term | BUEsh |
| 9 (RLIN) | 28658 |
| 650 #7 - SUBJECT ADDED ENTRY--TOPICAL TERM | |
| Topical term or geographic name as entry element | Finance |
| General subdivision | Religious aspects |
| -- | Islam |
| Form subdivision | Case studies. |
| Source of heading or term | BUEsh |
| 651 ## - SUBJECT ADDED ENTRY--GEOGRAPHIC NAME | |
| Source of heading or term | BUEsh |
| 653 ## - INDEX TERM--UNCONTROLLED | |
| Resource For college | BAEPS, Economics |
| Arrived date list | September2018 |
| 655 ## - INDEX TERM--GENRE/FORM | |
| Form subdivision | Reading book |
| 700 1# - ADDED ENTRY--PERSONAL NAME | |
| Personal name | Rashwan, Mohamed H. |
| 9 (RLIN) | 31028 |
| 942 ## - ADDED ENTRY ELEMENTS (KOHA) | |
| Source of classification or shelving scheme | Dewey Decimal Classification |
| Withdrawn status | Item status | Source of classification or shelving scheme | Damaged status | Not for loan | Vendor | Home library | Current library | Shelving location | Date acquired | Source of acquisition | Cost, normal purchase price | Total Checkouts | Total Renewals | Full call number | Barcode | Checked out | Date last seen | Date last borrowed | Koha item type |
|---|---|---|---|---|---|---|---|---|---|---|---|---|---|---|---|---|---|---|---|
| Dewey Decimal Classification | Baccah | Central Library | Central Library | First floor | 20/09/2018 | Purchase | 550.00 | 11 | 100 | 330 MAN | 000043575 | 19/03/2026 | 12/10/2025 | 12/10/2025 | Book - Borrowing | ||||
| Dewey Decimal Classification | Baccah | Central Library | Central Library | First floor | 20/09/2018 | Purchase | 550.00 | 9 | 86 | 330 MAN | 000043576 | 30/12/2025 | 09/01/2024 | 09/01/2024 | Book - Borrowing | ||||
| Dewey Decimal Classification | Baccah | Central Library | Central Library | First floor | 20/09/2018 | Purchase | 14 | 96 | 330 MAN | 000043577 | 20/09/2025 | 10/10/2024 | 10/10/2024 | Book - Borrowing |